000 00567cam a22002053a 4500
001 42880
003 PGUSA
005 20140828083955.0
008 130605s2013||||xxu|||||s|||||000 | eng d
040 _aPGUSA
_beng
042 _adc
100 1 _aDurant, Will
245 1 0 _aPhilosophy and The Social Problem
_h[electronic resource] /
_cWill Durant
260 _bProject Gutenberg,
_c2013
506 _aPublic domain in the USA.
516 _aElectronic text
830 0 _aProject Gutenberg
_v42880
856 4 0 _uhttp://www.gutenberg.org/ebooks/42880
942 _cEB
999 _c272132
_d272132